Normal view
MARC view
- الرحالة الأوروبيون -- تراجم -اوروبا--تاريخ--حتى 642
Entry Topical Term
001 - CONTROL NUMBER
- control field: 7082
003 - CONTROL NUMBER IDENTIFIER
- control field: JO-AjAnu
005 - DATE AND TIME OF LATEST TRANSACTION
- control field: 20230606071439.0
008 - FIXED-LENGTH DATA ELEMENTS
- fixed length control field: 230606|| aca||aabn | a|a d
040 ## - CATALOGING SOURCE
- Original cataloging agency: JO-AjAnu
- Transcribing agency: JO-AjAnu
150 ## - HEADING--TOPICAL TERM
- Topical term or geographic name entry element: الرحالة الأوروبيون -- تراجم -اوروبا--تاريخ--حتى 642
670 ## - SOURCE DATA FOUND
- Source citation: Work cat.: (JO-AjAnu)3666: اعداد عوض،محمد مؤنس, author 7081, الرحالة الأوروبيون في العصور الوسطى: نماذج مختار